[Event "HUN-chT2 Barcza 0910"]
[Site "Hungary"]
[Date "2010.02.28"]
[Round "7.4"]
[White "Mizik, Tamas"]
[Black "Sallai, Janos"]
[Result "1-0"]
[WhiteElo "2062"]
[BlackElo "2050"]
[PlyCount "117"]
[EventDate "2009.11.08"]
[EventType "team-tourn"]
[EventRounds "11"]
[EventCountry "HUN"]
[SourceTitle "EXT 2011"]
[Source "ChessBase"]
[SourceDate "2010.11.26"]
[SourceVersion "1"]
[SourceVersionDate "2010.11.26"]
[SourceQuality "1"]
[WhiteTeam "Tiszavasvar"]
[BlackTeam "Mezokovesd"]
[WhiteTeamCountry "HUN"]
[BlackTeamCountry "HUN"]

1. e4 c5 2. Nc3 Nc6 3. g3 g6 4. Bg2 Bg7 5. d3 d6 6. Be3 Nf6 7. f4 Qb6 8. Rb1 Ng4 9. Nd5 Qd8 10. h3 Nxe3 11. Nxe3 Qa5+ 12. c3 Qxa2 13. Nc4 Qa6 14. Nf3 b5 15. Ra1 Qb7 16. Ne3 b4 17. Qd2 0-0 18. 0-0 a5 19. Kh2 e6 20. d4 Qc7 21. d5 Ne7 22. cxb4 Ba6 23. Rfc1 axb4 24. dxe6 fxe6 25. Ng5 Qd7 26. e5 d5 27. Rxc5 h6 28. Ne4 Bb7 29. Rxa8 Bxa8 30. Nf6+ Bxf6 31. exf6 Rxf6 32. Ng4 Rf8 33. Nxh6+ Kg7 34. Ng4 Nf5 35. Qxb4 Qd6 36. Qa5 Rf7 37. Ne5 Re7 38. Rb5 Bb7 39. Qb6 Qxb6 40. Rxb6 Ne3 41. Bf3 Kf6 42. Ng4+ Nxg4+ 43. hxg4 Rc7 44. g5+ Ke7 45. Kh3 Bc8 46. g4 Rd7 47. Be2 Rc7 48. Bd3 Kf7 49. Kg3 Rc1 50. Rb8 Rc7 51. Kf3 Rc1 52. Ke3 Rc7 53. Kd4 Bd7 54. Ke5 Ke7 55. Bxg6 Rc4 56. Bd3 Rc1 57. g6 Re1+ 58. Kd4 Rd1 59. g7 1-0

[Event "HUN-chT2 Barcza 0910"]
[Site "Hungary"]
[Date "2009.12.20"]
[Round "4.3"]
[White "Mizik, Tamas"]
[Black "Horvath, Karoly"]
[Result "0-1"]
[WhiteElo "2062"]
[BlackElo "2203"]
[PlyCount "66"]
[EventDate "2009.11.08"]
[EventType "team-tourn"]
[EventRounds "11"]
[EventCountry "HUN"]
[SourceTitle "EXT 2011"]
[Source "ChessBase"]
[SourceDate "2010.11.26"]
[SourceVersion "1"]
[SourceVersionDate "2010.11.26"]
[SourceQuality "1"]
[WhiteTeam "Tiszavasvar"]
[BlackTeam "Debrecen Sakkbaratok"]
[WhiteTeamCountry "HUN"]
[BlackTeamCountry "HUN"]

1. e4 e5 2. Bc4 Nf6 3. d3 c6 4. Qe2 Bc5 5. Bg5 d6 6. Nf3 0-0 7. 0-0 Nbd7 8. Nc3 b5 9. Bb3 Re8 10. h3 h6 11. Be3 a5 12. a3 Bb6 13. Bxb6 Qxb6 14. Nd1 Nh5 15. Kh2 Qd8 16. g3 Nc5 17. Ba2 Ne6 18. Nxe5 Nxg3 19. fxg3 dxe5 20. Qh5 Ra7 21. Ne3 Qg5 22. Qxg5 Nxg5 23. h4 Ne6 24. Rf2 f6 25. Nf5 Rd8 26. Raf1 Kh7 27. Bxe6 Bxe6 28. g4 b4 29. b3 a4 30. bxa4 bxa3 31. Ra1 Rxa4 32. Ne3 Rb8 33. Kg3 Rb2 0-1

[Event "HUN-chT2 Barcza 0910"]
[Site "Hungary"]
[Date "2009.11.08"]
[Round "1.3"]
[White "Mizik, Tamas"]
[Black "Herczeg, Tibor"]
[Result "1/2-1/2"]
[WhiteElo "2062"]
[BlackElo "2150"]
[PlyCount "49"]
[EventDate "2009.11.08"]
[EventType "team-tourn"]
[EventRounds "11"]
[EventCountry "HUN"]
[SourceTitle "EXT 2011"]
[Source "ChessBase"]
[SourceDate "2010.11.26"]
[SourceVersion "1"]
[SourceVersionDate "2010.11.26"]
[SourceQuality "1"]
[WhiteTeam "Tiszavasvar"]
[BlackTeam "SSASSE"]
[WhiteTeamCountry "HUN"]
[BlackTeamCountry "HUN"]

1. Nf3 Nf6 2. d4 d5 3. c4 e6 4. Nc3 Be7 5. Bf4 c6 6. e3 0-0 7. Bd3 Nbd7 8. 0-0 Re8 9. Qc2 Nf8 10. h3 Ng6 11. Bxg6 hxg6 12. c5 Nd7 13. Ne5 Nxe5 14. Bxe5 Bf6 15. f4 Be7 16. Rf3 f6 17. Qxg6 fxe5 18. fxe5 Rf8 19. Raf1 Rxf3 20. Rxf3 Bd7 21. Qf7+ Kh8 22. Qh5+ Kg8 23. Qf7+ Kh8 24. Qh5+ Kg8 25. Qf7+ 1/2-1/2